[Event "Dortmund 44th"]
[Site "Dortmund"]
[Date "2016.07.15"]
[Round "5"]
[White "Kramnik, Vladimir"]
[Black "Caruana, Fabiano"]
[Result "1/2-1/2"]
[WhiteElo "2812"]
[BlackElo "2810"]
[Annotator "Mekhitarian,K"]
[PlyCount "170"]
[EventDate "2016.07.09"]
[EventType "tourn"]
[EventRounds "7"]
[EventCountry "GER"]
[EventCategory "20"]
[SourceTitle "CBM 174"]
[Source "ChessBase"]
[SourceDate "2016.09.13"]
[SourceVersion "1"]
[SourceVersionDate "2016.09.13"]
[SourceQuality "1"]

1. e4 c5 2. Nf3 e6 3. d4 cxd4 4. Nxd4 Nc6 5. Nc3 Qc7 6. Be3 a6 7. Qf3 $5 {
One of the most popular ways to fight the Taimanov variation nowadays. Black
has a number of options here, like ...Ne5, ...Nf6, ...b5, ...Nxd4, ...d6, etc.
Caruana chooses another trendy response:} Bd6 {Intending to place the bishop
on e5.} (7... Nf6 8. O-O-O d6 9. Qg3 Bd7 10. Kb1 b5 11. Bxb5 axb5 12. Ndxb5 Qb8
13. Nxd6+ Bxd6 14. Qxd6 Qxd6 15. Rxd6 Ne5 16. Bf4 Ng6 17. Bg3 e5 18. f3 Ke7 19.
Rd3 Rhc8 20. b3 h5 21. h4 Be6 22. Kb2 $16 {1-0 (52) Balogh,C (2635)-Bellaiche,
A (2499) Biel 2016}) 8. O-O-O Be5 9. g3 $1 {Preparing f4.} Nf6 (9... b5 10. Qe2
Bb7 11. f4 Bxd4 12. Bxd4 Nxd4 13. Rxd4 Qc5 14. Qd2 Bc6 15. Bg2 {White has an
easy game and a comfortable advantage already.} b4 16. Nd5 $5 (16. Nd1 $14 {
was solid and good, following up with Ne3 and Rd1.}) 16... exd5 17. exd5 Bb5
18. d6 Rc8 $2 (18... Bc6 $1 {exchanging the bishops, with excellent chances to
defend the position:} 19. Re1+ Kf8 20. Re5 Qb6) 19. Re1+ Kf8 20. Re5 $44 {
1-0 (69) Sethuraman,S (2639)-Bai,J (2507) Gibraltar 2016}) 10. Qe2 O-O 11. f4
Bxd4 12. Bxd4 Nxd4 13. Rxd4 d6 14. Qd2 (14. Qc4 $5 $146 {looks very good!
White tries to make the pressure on d6 even more discomforting for Black.} Qb8
(14... Qxc4 15. Bxc4 b5 (15... Ne8 16. a4 $5 $16) 16. Bd3 Ne8 17. Re1 (17. e5
$5 {is also an option. In any case, White will play a4 and try to attack
Black's weakness on a6 and/or advance his own queenside as well.}) 17... e5 18.
fxe5 dxe5 19. Rd5 f6 20. Rc5 $1 $16 {preparing a4 (so after ...b4, White has
Nd5)}) (14... Qc5 15. Qxc5 dxc5 16. Rd6 b5 17. e5 Bb7 18. Rg1 Ne4 19. Nxe4 Bxe4
20. Bg2 Bxg2 21. Rxg2 $16 {and after Rgd2, White has a very comfortable
endgame and clear targets on the queenside}) 15. Qb4 Ne8 16. Qb6 $5 {Stopping
Black's ...b5.} Bd7 17. Be2 Bc6 18. Rhd1 $16) 14... b5 15. a3 Bb7 16. Bg2 Rfd8
17. Rd1 {I think White has achieved a very comfortable position here, but it
is not easy to continue improving after Black's next move. And if we compare
with the positions after 14.Qc4, without the queens White has a lot more
freedom to play a4! Here it would be very dangerous to do something like that.}
Ne8 18. Bh3 (18. Bf1 {has also been played already:} Nf6 $2 (18... Rdb8 $1 $132
{- a bizarre move, preparing ...Bc6 and ...a5.}) 19. e5 Nd5 20. exd6 Rxd6 21.
Bg2 $16 {1-0 (34) Hansen,E (2580)-Barbosa,E (2438) Montevideo 2015}) 18... Rab8
19. Rd3 Bc6 {Preparing strong counterplay with ...a5 and ...b4.} 20. e5 {
Something had to be done in the center.} Qb7 $1 (20... d5 $6 21. Ne2 $1 $16)
21. f5 (21. exd6 a5 $1 22. f5 b4 (22... exf5 $5) 23. fxe6 {has to be tried,
but Black's position remains resilient:} bxc3 24. Qxc3 (24. exf7+ Qxf7 25. Qxc3
Be4 $13) 24... fxe6 25. Bxe6+ Kh8 $13) 21... b4 (21... exf5 22. Bxf5 b4 23.
axb4 Qxb4 24. b3 $13) 22. axb4 Qxb4 23. b3 {After having created some action
on the queenside, Black has to do something against f5, since his attack is
hard to continue after b3.} exf5 24. Kb2 (24. Bxf5 {transposes to 21...exf5.})
24... g6 $6 (24... a5 {would lead the position to a balanced endgame:} 25. Bxf5
(25. exd6 a4 $1 26. Nd5 Qxd2 27. R1xd2 Kf8 $1 28. Bxf5 Rxd6 $11) 25... a4 26.
Nd5 (26. Rd4 Qb6 27. Nxa4 Bxa4 28. Rxa4 dxe5 $13) 26... Qxd2 27. R1xd2 Kf8 28.
Ne3 axb3 29. cxb3 Ke7 30. Bh3 {threatening Nf5} g6 31. Nc4 dxe5 32. Nxe5 Rxd3
33. Nxc6+ Kd6 34. Rxd3+ Kxc6 $11) 25. Bg2 $1 {Exchanging bishops to prepare
Nd5, now White obtains the preferable position.} Bxg2 26. Qxg2 Rdc8 27. Nd5 Qe4
28. Qxe4 fxe4 29. Re3 Kg7 30. Rxe4 dxe5 31. Rxe5 Nd6 32. Ne3 $14 {As usual,
Kramnik emerges in a slightly better endgame, with a superior pawn structure
and more active pieces!} Rc6 33. Re7 Nf5 $6 {A delicate decision, ruining his
own pawn structure.} (33... a5 34. Rd4 $14 {would also be uncomfortable for
Black, since his pieces don't have clear squares to go, and the a-pawn could
be a problem.}) 34. Nxf5+ gxf5 35. Rd4 Rh6 36. Rf4 (36. Re2 $5 {was another
way to play it, keeping his own structure and slowly advancing his queenside 
(and also his king to a3, a4, etc.)}) 36... Rxh2 37. Rxf5 Rf8 38. Ra7 Rg2 39.
Rf3 h5 40. b4 $6 {The 40th move! Kramnik needed to be more prophylactic before
starting to push his pawns. He was probably in time trouble and chose a more
obvious continuation.} (40. Rc3 $1 Kh6 41. Rxa6+ Kg5 {Black has some
counterplay, but I feel White has great winning chances with the proper
advance of the queenside pawns:} 42. Rac6 f5 43. b4 $16) 40... Rc8 $1 41.
Rfxf7+ Kh6 $6 (41... Kg6 $1 {keeping an eye on the f7-rook to avoid Rxa6+.} 42.
Rfc7 Rxc7 43. Rxc7 Rxg3 44. Rc6+ Kg5 45. Rxa6 h4 46. Ra8 h3 47. Rh8 Kf4 48. b5
Ke4 $1 {A very important resource! Black wants to play ...Kd4, and if c3 now ..
.Rg5!, which is not possible had the black king moved to e5 directly on move
48.} (48... Ke5 $2 49. c3 $1 Kd5 50. Kb3 Kc5 51. Rh5+ Kb6 52. Kb4 $18) 49. Rh6
(49. c3 Rg5) 49... Kd5 50. b6 Rg7 51. Rxh3 Kc6 {reaching a theoretical drawn
endgame. For example:} 52. Rh6+ Kb5 53. Kb3 Kc5 54. Ka4 Rg1 $1 $11 {the only
move to avoid Ka5.}) 42. Rxa6+ (42. Rfc7 $2 Rxc7 43. Rxc7 Rxg3 44. Rc6+ Rg6 $11
{Probably because of this Caruana played ...Kh6, so that he would have ...Rg6
in this variation.} (44... Kg5 $11 {would be a lot more complicated, but it's
also a draw, as analysed in the line with 41...Kg6.})) 42... Kg5 43. Ra5+ Kg6
44. Rf3 Rcxc2+ 45. Kb3 Rb2+ 46. Ka4 Ra2+ 47. Kb5 Rae2 48. Ra6+ (48. Rd3 $1 {
Preparing Kc6 and then use the d3-rook as a shield for the checks.} Rc2 49. Kb6
$18 {and Black is helpless against the advance of the b-pawn.}) 48... Kg5 49.
Rc6 Kg4 50. Rfc3 Re5+ 51. Kb6 Rb2 $1 52. R6c4+ Kf5 53. Rf4+ Kg5 54. Rd4 Kf5 55.
Kc6 Re6+ 56. Kd7 Rb6 57. Rc5+ $2 (57. g4+ $3 {a counter-intuitive winning move,
and a very difficult one! White exchanges the last two pawns on the kingside
and forces a winning endgame.} hxg4 58. Rc5+ Kf6 59. Rf4+ $1 {This is the key,
the g-pawn can be taken with check.} Kg6 60. Rxg4+ {It is funny that any king
move here runs into a forced exchange:} Kf6 (60... Kf7 61. Rf5+ Rf6 62. Rxf6+
Kxf6 63. Kc6 $18) (60... Kh7 61. Rh5+ Rh6 62. Rxh6+ Kxh6 63. Kc6 $18) 61. Rc6+
Rxc6 62. Kxc6 $18) 57... Kg6 {Now White cannot win the game anymore.} 58. Rc6+
Rxc6 59. Kxc6 Rb3 $1 {With both pawns on the kingside still alive, Black has
this strong counterplay, securing him a very difficult half point.} 60. b5 (60.
g4 {doesn't win anymore:} h4 $1 $11) 60... Rc3+ 61. Kd6 Rxg3 $11 62. b6 (62.
Rb4 {doesn't change anything:} Rd3+ 63. Kc7 Rc3+ 64. Kb8 Kg5 65. b6 h4 66. b7
h3 $11) 62... Rb3 63. Kc6 Kg5 64. Rd5+ Kg4 65. Rb5 Rc3+ 66. Kd7 Rd3+ 67. Ke7
Re3+ 68. Kf7 Rf3+ 69. Kg6 h4 $1 70. b7 Rf8 71. Rg5+ (71. b8=Q Rxb8 72. Rxb8 h3
73. Rb4+ Kg3 74. Kg5 h2 75. Rb3+ Kg2 $11) 71... Kh3 (71... Kf4 $4 72. Rf5+ Rxf5
73. b8=Q+ $18) 72. Rb5 Kg2 73. Rg5+ Kh3 74. Rb5 Kg2 75. Kh5 h3 76. Rb2+ Kg1 77.
Rb1+ Kg2 78. Rb2+ Kg1 79. Kg4 h2 80. Rb1+ Kg2 81. Rb2+ Kg1 82. b8=Q Rxb8 83.
Rxb8 h1=Q 84. Rb1+ Kg2 85. Rxh1 Kxh1 1/2-1/2

[Event "Moscow Tal Memorial 10th"]
[Site "Moscow"]
[Date "2016.09.26"]
[Round "1"]
[White "Svidler, Peter"]
[Black "Kramnik, Vladimir"]
[Result "1/2-1/2"]
[WhiteElo "2745"]
[BlackElo "2808"]
[Annotator "Sumets,A"]
[PlyCount "131"]
[EventDate "2016.09.26"]
[EventType "tourn"]
[EventRounds "9"]
[EventCountry "RUS"]
[EventCategory "21"]
[SourceTitle "CBM 175"]
[Source "ChessBase"]
[SourceDate "2016.11.10"]
[SourceVersion "1"]
[SourceVersionDate "2016.11.10"]
[SourceQuality "1"]

1. c4 e6 2. Nc3 c5 3. Nf3 Nf6 4. g3 b6 5. Bg2 Bb7 6. O-O Be7 7. d4 cxd4 8. Qxd4
O-O 9. Rd1 d6 10. Bg5 Nc6 ({The main continuation is} 10... Nbd7 11. Nb5 ({
I believe that White doesn't have much after} 11. Rac1 a6 {for instance} 12.
Qd2 Rc8 13. b3 Rc7 14. Bf4 Ne8 15. e4 Qa8 16. Qe2 h6 17. h4 Rc8 $13 {Wang,H 
(2736)-Gashimov,V (2757) Beijing 2011 0-1 (52)}) 11... d5 12. cxd5 Bxd5 13. Nc3
Bc6 14. Qc4 Qc8 15. e4 (15. Rac1 h6 16. Bxf6 Bxf6 17. e4 Ne5 18. Nxe5 Bxe5 19.
f4 Bxc3 20. Qxc3 ({after} 20. Rxc3 {Black should find the following line:} Rd8
$1 21. Rxd8+ Qxd8 22. Qxc6 Qd4+ $1 23. Kf1 Qd1+ 24. Kf2 Qd2+ 25. Kf3 Qd1+ 26.
Kf2 Qd2+ 27. Kg1 Qd4+ $11) 20... Bb5 21. Qa3 Qa6 22. Qxa6 Bxa6 23. e5 Rac8 $11
{Eljanov,P (2717)-Jakovenko,D (2748) Schwaebisch Hall GER 2015 1/2 (43)}) 15...
h6 16. Bf4 (16. Nd4 $5 Bb7 17. Qxc8 Rfxc8 18. Bxf6 Bxf6 19. f4 e5 20. Nf5 Rd8
$13) 16... Bb7 17. Qxc8 Raxc8 18. e5 Nd5 19. Nxd5 Bxd5 20. Ne1 Rfd8 (20... f6
$1 21. Bxd5 exd5 22. Rxd5 Nxe5 $11) 21. Bxd5 exd5 22. Rxd5 Nc5 23. Rad1 $16 {
Kramnik,V (2766)-Aronian,L (2744) Monte Carlo 2007 1-0 (52)}) (10... Ne8 11.
Bxe7 Qxe7 12. Qh4 $1 Qxh4 13. Nxh4 Bxg2 14. Nxg2 Nc6 15. Nb5 {This move is a
little premature.} (15. Rd2 $142 Na5 16. b3 Nb7 17. Rad1 a6 18. e4 $14) 15...
Na5 $1 16. Ne3 Nb7 17. Rd3 a6 18. Ra3 f5 $1 19. Rd1 Kf7 $11 20. Nc2 $2 Na5 21.
Nxd6+ Nxd6 22. Rxd6 Nxc4 23. Rd7+ Ke8 $15 {Larsen,B (2580)-Adams,M (2495)
Cannes 1989 1/2 (65)}) 11. Qd2 {This continuation is harmless. White has some
chances for an advantage after 11.Qf4:} (11. Qf4 Ne8 $6 {After this move the
d6-pawn is a weakness. I think that Black shouldn't have traded the
dark-squared bishops.} (11... Qb8 12. Bxf6 (12. Nb5 {leads to a drawish line}
Ne5 13. Bxf6 Bxf6 14. Nxd6 Nxf3+ 15. Bxf3 Bxf3 16. Qxf3 Bxb2 17. Rab1 Be5 18.
c5 Qc7 19. Qe4 Qxc5 20. Rbc1 Bxd6 21. Rxc5 Bxc5 $11 {Giri,A (2768) -Jakovenko,
D (2747) Tashkent 2014 1/2 (48)}) 12... Bxf6 13. Rxd6 Na5 (13... Nd4 $6 14.
Nxd4 ({White could try} 14. Rxd4 $5 e5 (14... Bxf3 $4 15. Bxf3 e5 16. Qf5 exd4
17. Be4 g6 18. Qxf6 $18) 15. Nxe5 Bxe5 16. Qd2 Bxd4 17. Qxd4 Bxg2 18. Kxg2 {
The knight on d5 + 2 pawns are stronger than a rook}) 14... Bxg2 15. Nc2 (15.
Ndb5 $5 Bh3 16. Ne4 $1 Be7 (16... Bxb2 17. Rb1 a6 18. Rxb2 axb5 19. cxb5 $16)
17. Rd2 {White has an extra pawn without any compensation.}) 15... Bb7 16. Rad1
Qc7 17. R6d3 Qc6 18. f3 Qc5+ 19. Kg2 e5 20. Qf5 Qxc4 21. Ne3 Qc8 22. Rd7 Bc6
23. Ncd5 Bd8 (23... Bxd7 24. Nxf6+ gxf6 25. Rxd7 Rd8 26. Qg4+ Kh8 27. Nf5 Rg8
28. Qa4 $8 b5 29. Qd1 $16) 24. Ne7+ Bxe7 25. Rxe7 $16 {Nakamura,H (2816)
-Gurevich,D (2472) Las Vegas USA 2015 1-0 (53)}) 14. Rad1 Qc7 15. Rd7 Qxf4 16.
gxf4 Bc6 17. Ng5 Bxd7 18. Bxa8 Bxc3 19. Rxd7 Bxb2 20. Be4 h6 $11 {
Nepomniachtchi,I (2740)-Kramnik,V (2808) Moscow RUS 2016 1-0 (47)}) 12. Bxe7
Qxe7 13. Rd2 a6 14. Rad1 Na5 15. b4 Nc6 16. a3 Rd8 17. Qe3 Qc7 18. Na4 b5 19.
cxb5 axb5 20. Nc3 $16 {Postny,E (2647)-Cmilyte,V (2470) Helsingor 2009 1-0 (51)
}) 11... Qb8 12. Rac1 Rd8 13. b3 h6 14. Bf4 Ne5 {Black has got an excellent
version of a hedgehog.} 15. Nd4 $146 {This novelty isn't dangerous at all, but
the other continuations didn't promise anything to White.} (15. Ne1 Ng6 16. Be3
Bxg2 17. Nxg2 Qb7 18. Nf4 Ne5 19. Nd3 Neg4 20. h3 Nxe3 21. Qxe3 Rac8 22. Nf4
Bf8 23. Qd3 h5 24. Qf3 $2 Qxf3 25. exf3 d5 $1 26. cxd5 Ba3 $15 {Stella,A (2442)
-Solodovnichenko,Y (2598) Fano 2012 0-1 (37)}) (15. h3 Ng6 16. Be3 Qc7 17. Qc2
Rac8 18. Qb1 Qb8 19. Nd4 Bxg2 20. Kxg2 Qb7+ 21. Kg1 Nf8 22. Nf3 a6 23. a4 N8d7
$11 {Valsecchi,A (2422)-Solodovnichenko,Y (2557) Padova 2012 0-1 (56)}) 15...
Bxg2 16. Kxg2 Qb7+ 17. f3 g5 $6 {Probably Vladimir underestimated the bishop
sacrifice. After 17...Ng6 his chances are at least not worst.} (17... Ng6 18.
Be3 d5 19. cxd5 Nxd5 20. Nxd5 Rxd5 21. Qe1 (21. Qb2 $6 Rad8 $17) 21... Ba3 22.
Rb1 Rc8 23. b4 Ne5 24. Bf2 Qd7 $15) 18. Be3 d5 ({If Kramnik hadn't intended to
play 19...Ne4! then he should have played} 18... Ng6 {however it is not so
easy to admit that your previous move was a mistake.}) 19. Bxg5 $1 {Has
Vladimir overlooked it? The consuquences of the bishop sacrifice are
definitely in White's favour.} hxg5 $6 ({The only way to keep the balance was} 
19... Ne4 $1 20. Nxe4 dxe4 21. Bxe7 exf3+ 22. Kh3 (22. exf3 Nxf3) 22... Qxe7
23. Qxh6 fxe2 24. Nxe2 Nd3 25. Rxd3 Rxd3 26. Nf4 Rd6 27. Nh5 f5 28. Qg6+ Kf8
29. c5 bxc5 30. Rxc5 $44 {White has enough compensation for an exchange.}) 20.
Qxg5+ Ng6 $8 21. Nxe6 $1 Rd6 22. Nf4 Ne4 23. Qg4 Nxc3 ({Black can't be
satisfied with the line} 23... Nf6 24. Qf5 Nxf4+ 25. Qxf4 Rad8 26. Nxd5 Nxd5
27. cxd5 Qd7 28. e4 $16 {White has 4 pawns for the bishop and Black's king is
exposed, so it is obvious that the position which has arisen is in his favour.}
) 24. Rxc3 d4 (24... Qd7 25. Nxg6 fxg6 26. Qxd7 Rxd7 27. cxd5 Bc5 28. e4 Re8
29. h4 {and White should win the endgame.}) 25. Rcd3 Rad8 (25... Bf6 26. Nxg6
fxg6 27. Qxg6+ Qg7 28. Qxg7+ Kxg7 29. e4 Re8 30. Re1 Rde6 $8 31. h4 Kh6 32. Rd2
Kg6 33. Red1 Rf8 34. Rf2 Rd8) 26. Nd5 Bf8 27. Rxd4 Bg7 $8 28. R4d2 ({White
shouldn't be too greedy} 28. Nf6+ Bxf6 29. Rxd6 Rxd6 30. Rxd6 Qe7 31. Rd2 Qe3
$132 {and White has to find} 32. Rc2 $1 Bd4 33. Qe4 (33. Qf5 Qg1+ 34. Kh3 Be3
35. Qe4 Qf1+ 36. Kg4 Qg1 37. b4 Bf2 {is very dangerous for White}) 33... Qg1+
34. Kh3 Qf1+ 35. Kg4 Ne5+ 36. Kg5 $1 f6+ 37. Kxf6 Nxf3+ 38. Ke7 Ne5 $1 39. Qd5+
Kg7 40. Kd6 Qf6+ 41. Kc7 $13) 28... b5 (28... Kf8 29. Qg5 Ne7 30. Rd3 Bh6 31.
Qh4 Bg7 32. e4 $16) (28... Re8 29. e4 Kf8 30. Qg5 Red8 31. h4 Ne7 32. Qe3 $16)
29. Qe4 ({White could have played} 29. Nf6+ {it is more reasonable for him
than 28.Nf6+, but it is still risky if you can't use a computer.} Bxf6 30. Rxd6
Rxd6 31. Rxd6 Qe7 32. Rd2 Qe3 33. Rc2 Bd4 34. Qe4 Qg1+ 35. Kh3 bxc4 36. bxc4 {
and acccording to my computer White is winning.}) 29... Qb8 (29... bxc4 30.
Nf6+ $1 Bxf6 31. Rxd6 Rxd6 32. Qxb7 Rxd1 33. bxc4 Rd2 34. Qxa7 Rxe2+ 35. Kh3
$18) 30. c5 Re8 31. Qg4 ({If Peter could use the advice of a computer he would
easily find} 31. Qxe8+ $1 Qxe8 32. cxd6 Qd7 33. Ne3 {with a winning position.
For instance} Ne5 34. Rd5 Bf6 35. R1d4 a6 36. h4 Kf8 37. Re4 Nc6 38. h5 a5 39.
Nf5 $18) 31... Rde6 32. e4 Qc8 33. Rc2 Ne5 (33... Kf8 34. h4 $16) 34. Qf5 Qb7
35. f4 $6 {Now White's e4-pawn is weak and if he pushes e5 than the knight on
d5 is not supported.} ({Peter should have played} 35. h4 Nc6 36. Rcd2 b4 37. h5
Ne7 38. Qg4 $16 {Black doesn't have any counterplay and I believe that White
should win it.}) 35... Nc6 36. e5 Nb4 37. Rcd2 f6 $6 (37... Nxd5 $5 38. Rxd5
Ra6 39. h4 Rd8 40. Qe4 Rxa2+ 41. Kh3 Re8 $16) 38. Qe4 $6 ({Peter could have
got a winning position after} 38. Kh3 $1 Nxd5 $8 39. Rxd5 Qe7 (39... fxe5 $4
40. Rd7 $18) 40. Rd7 Qf8 41. exf6 Rxf6 42. Qd5+ Kh8 43. c6 Rf5 44. Qd3 Qf6 (
44... Qc5 45. b4 $18) 45. Rd6 $1 (45. Rd8 $2 Qh6+ 46. Kg2 Qxc6+) 45... Qf7 46.
Kg2 $18) 38... Nxd5 39. Rxd5 fxe5 40. f5 Ra6 41. R1d2 Kh8 42. h4 Rh6 $1 {
Setting a small trap.} 43. Kf3 $2 (43. b4 $1 Bf6 44. R5d4 Qxe4+ 45. Rxe4 Rh5
46. Rd6 Rf8 47. Ra6 {with good chances to win the game.}) 43... Rh5 $1 44. Qg4
$2 (44. Rxe5 Rxf5+ 45. Kg4 Qxe4+ 46. Rxe4 Rfe5 47. Rxe5 Bxe5 48. Rd3 Kg7 49.
Kf5 Bb8 $11) 44... Rxf5+ $1 45. Qxf5 Rf8 46. Qxf8+ Bxf8 $15 {Now White needs
to play very precisely in order to avoid big problems.} 47. b4 Qf7+ (47... Kg7
$1 48. Kg2 Kf6 49. Kh2 Be7 $15) 48. Kg2 e4 49. Re5 $1 Qf3+ 50. Kh2 Qc3 $1 (
50... e3 51. Rd8 Kh7 52. Rde8 Qf2+ 53. Kh3 $11) 51. Rdd5 e3 52. Re8 Kg7 53. Kh3
$1 (53. Rd7+ $6 Kg6 54. Rxa7 (54. Rxf8 e2 $17) 54... Qd2+ 55. Kh3 e2 56. Ra6+
Kf7 57. Rae6 Qd7 58. Kg2 Qd5+ 59. Kf2 Qd4+ 60. Kxe2 Qxb4 $17) 53... Qe1 54.
Rde5 Qxb4 55. Rg5+ $1 Kf7 56. Rxe3 {White has managed to win the e3-pawn, the
position is drawish.} Bxc5 57. Rf3+ Ke6 58. Rg6+ Ke7 59. Rg7+ Ke6 60. Rg6+ Kd7
(60... Kd5 $4 61. Rf5+ Ke4 62. Rf4+ $18) 61. Rg7+ Be7 $5 62. Re3 a5 $8 (62...
Kd8 $4 63. Rexe7 Qxe7 64. Rxe7 Kxe7 65. Kg4 a5 66. Kf4 b4 67. Ke4 a4 68. Kd3
$18) 63. h5 Kd8 $8 (63... a4 64. h6 $18) 64. Rg8+ (64. h6 $2 Bf6 $17) 64... Kd7
65. Rg7 Kd8 66. Rg8+ 1/2-1/2